000 00999nam a22002897a 4500
001 9986
003 FISKH
005 20260324103830.0
008 260324b cb ||||| |||| 00| 0 eng d
020 _a9780836840186
040 _aFISKH
_beng
_cFISKH
_dFISKH
050 _aTT160 .M3813
082 _a745.5
100 _aAnonymous
245 _aRecyclables /
260 _aNew York :
_bGareth Stevens Publishing,
_c[2016]
300 _a32 pages :
_billustrations ;
_c27 cm
490 _aLet's create
505 _aM
520 _aProvides step-by-step instructions for turning plastic egg cartons, cardboard tubes, frozen food containers, and other disposable materials into craft projects, including easy variations.
521 8 _a530
_bLexile estimate
521 8 _aM
_bRaz-Plus
650 _aHandicraft
_vJuvenile literature Recycling
650 _aCreative activities and seat work Environmental protection
_vJuvenile literature
_x
942 _2ddc
_cBK
_n0
999 _c9986
_d9986